Loading...
| Religion | 0 | 3 | 0 | 1 | 30 | 103 | 104.00 | 0 | 0 | 1.65 | 9.09 |
| Geography | 0 | 1 | 0 | 0 | 10 | 111 | 111.00 | 0 | 0 | 5.09 | 16.67 |
| Social Science | 0 | 1 | 0 | 0 | 10 | 95 | 95.00 | 0 | 0 | 1.02 | 3.41 |
| History - World | 0 | 1 | 0 | 1 | 10 | 130 | 130.00 | 0 | 0 | 0.00 | 1.14 |
| Other Academic | 0 | 1 | 0 | 0 | 10 | 87 | 87.00 | 0 | 0 | 11.85 | 16.67 |
| Popular Culture | 0 | 1 | 0 | 0 | 10 | 117 | 117.00 | 0 | 1 | 3.79 | 25.00 |
| Science - Other | 0 | 1 | 0 | 0 | 10 | 108 | 108.00 | 0 | 0 | 0.98 | 1.14 |
| History - European | 0 | 1 | 0 | 1 | 10 | 131 | 131.00 | 0 | 0 | 0.00 | 1.14 |
| History - Other | 0 | 1 | 0 | 1 | 10 | 126 | 126.00 | 0 | 0 | 0.00 | 2.27 |
| Science - Biology | 0 | 1 | 1 | 0 | 5 | 94 | 94.00 | 0 | 0 | 1.32 | 4.55 |
| History - American | 0 | 0 | 0 | 0 | 0 | 0.00 | 0 | 0 | 0.00 | 0.00 | |
| Fine Arts - Classical Music | 0 | 0 | 1 | 0 | -5 | 0.00 | 0 | 0 | 0.00 | 0.00 | |
| Fine Arts - Other | 0 | 0 | 1 | 0 | -5 | 0.00 | 0 | 0 | 0.00 | 0.00 |